000 00417nam a2200157 a 4500
001 000045722
005 20201002052416.0
008 150507s1994 sp a 000 0 spa d
040 _aDO-SdBNP
_bspa
_cBNPHU
082 _axxxx
_bxxxx
245 0 3 _aLa ratita presumida.
260 _aBarcelona :
_bEdiciones Testa,
_c1994.
300 _a[12] p. :
_bil. ;
_c25 cm.
490 1 _aCristal
_v3
830 0 _aCristal ;
_n3
_973774
999 _c45211
_d45211